000 00284nam a2200109Ia 4500
008 220204s9999 xx 000 0 und d
082 _a615.3
_bGRI
100 _aGriffith, H Winter
245 0 _aDrug information for patients
260 _aPhiladelphia
_bW B Saunders
_c1978
942 _cBK
999 _c34954
_d34954